| 000 | 00686nam a22002057a 4500 | ||
|---|---|---|---|
| 999 |
_c13195 _d13195 |
||
| 003 | AR-CdUCM | ||
| 008 | 190411b ||||| |||| 00| 0 spa d | ||
| 040 |
_aMUNICIPALIDAD PROVINCIAL DEL CUSCO _cBIBLIOTECA MUNICIPAL DEL CUSCO |
||
| 082 |
_a348.3 / _bL681 / |
||
| 110 |
_aMinisterio de energía y minas _922605 |
||
| 245 |
_aLey general de minería : _bdecreto ley No. 18880 / |
||
| 260 |
_aLima : _bEditorial del diario oficial El Peruano. |
||
| 300 |
_a123 páginas ; _c18 cm. |
||
| 505 | _aContenido: Ley de minería. | ||
| 650 |
_aMineria _9430 |
||
| 650 |
_aMinería ilegal _931437 |
||
| 650 |
_aReglamentos de minería _931438 |
||
| 942 |
_2ddc _cPP |
||
| 945 |
_adavv _d11/04/2019 |
||